[Event "GER-chT Schools WK II"]
[Site "Verden an der Aller"]
[Date "2011.05.14"]
[Round "1.3"]
[White "Dalipovic, Jasmin"]
[Black "Lienau, Henrik"]
[Result "0-1"]
[WhiteElo "1609"]
[BlackElo "1764"]
[PlyCount "59"]
[EventDate "2011.05.14"]
[EventType "team-swiss"]
[EventRounds "7"]
[EventCountry "GER"]
[SourceTitle "EXT 2022"]
[Source "ChessBase"]
[SourceDate "2021.10.06"]
[SourceVersion "1"]
[SourceVersionDate "2021.10.06"]
[SourceQuality "1"]
[WhiteTeam "Claudius Gymn U17"]
[BlackTeam "Stade Athenaeum U17"]
[WhiteTeamCountry "GER"]
[BlackTeamCountry "GER"]

1. e4 c5 2. Nf3 d6 3. d4 cxd4 4. Nxd4 Nf6 5. Nc3 g6 6. Be3 Bg7 7. f3 0-0 8. Qd2 Nc6 9. 0-0-0 d5 10. Kb1 dxe4 11. Nxc6 Qxd2 12. Nxe7+ Kh8 13. Bxd2 exf3 14. gxf3 Be6 15. Bb5 Rfd8 16. Bf4 Bf8 17. Nxg6+ hxg6 18. Be5 Bg7 19. Ne4 Nxe4 20. Bxg7+ Kxg7 21. fxe4 Rh8 22. Bd7 Kf6 23. Bxe6 Kxe6 24. Kc1 Rh4 25. Rd4 Rah8 26. Kd2 Rxh2+ 27. Rxh2 Rxh2+ 28. Kc3 g5 29. Rd5 f6 30. Rd8 0-1

[Event "Hamburg-ch U14"]
[Site "Schoenhagen"]
[Date "2009.03.14"]
[Round "1"]
[White "Schiffmann, Darius"]
[Black "Dalipovic, Jasmin"]
[Result "1-0"]
[WhiteElo "1514"]
[BlackElo "1146"]
[PlyCount "65"]
[EventDate "2009.03.14"]
[EventType "swiss"]
[EventRounds "9"]
[EventCountry "GER"]
[SourceTitle "EXT 2010"]
[Source "ChessBase"]
[SourceDate "2010.11.25"]
[SourceVersion "1"]
[SourceVersionDate "2010.11.25"]
[SourceQuality "1"]

1. e4 e5 2. Nf3 Nc6 3. Bc4 Bc5 4. b4 Bb6 5. b5 Na5 6. Be2 d6 7. Nc3 Bg4 8. 0-0 Ne7 9. d3 0-0 10. Nh4 Bxe2 11. Qxe2 c6 12. Qg4 Qc8 13. Qg3 cxb5 14. Nd5 Qd8 15. Bg5 Nac6 16. Bf6 g6 17. Qg5 Nxd5 18. Bxd8 Bxd8 19. Qg3 Bxh4 20. Qxh4 Ndb4 21. Rab1 a6 22. Rb2 a5 23. a3 Na6 24. Rxb5 Rab8 25. Rfb1 Nc5 26. Kf1 f5 27. exf5 Rxf5 28. Qc4+ Kg7 29. Qd5 Rbf8 30. f3 Nd4 31. Rb6 Nxc2 32. Qxd6 Na4 33. Qd7+ 1-0